000 00415nam a2200145 i 4500
001 54992
003 ES-MaACL
005 20230906163048.0
007 t|
008 030910s1908 fr ||||1| fre d
100 1 _aDelégue, Louis.
_943361
245 1 0 _aEssai sur les principes des sciences mathematiques /
_cLouis Delégue.
260 _aParis :
_bNuibert et Nony Editeurs,
_c1908.
852 _aES-MaACL
_jT-1246-F-5
999 _c54992
_d54992